[Event "MITROPA Cup 2014 WOMEN Section"]
[Site "Ruzomberok SLOVAKIA"]
[Date "2014.05.30"]
[Round "8"]
[Board "1"]
[White "Dudas, Eszter"]
[Black "Novosadova, Kristyna"]
[Result "0-1"]
[WhiteElo "2227"]
[BlackElo "2205"]
[PlyCount "0"]
[EventDate "2014.05.23"]
[EventType "team"]
[EventRounds "9"]
[EventCountry "SVK"]
[WhiteTeam "Hungary"]
[BlackTeam "Czech republic A"]

1. e4 {[%clk 1:30:57]} e5 {[%clk 1:30:55]} 2. Nf3 {[%clk 1:31:21]} Nc6
{[%clk 1:31:18]} 3. Bb5 {[%clk 1:31:42]} a6 {[%clk 1:31:39]} 4. Ba4
{[%clk 1:32:02]} Nf6 {[%clk 1:31:52]} 5. d3 {[%clk 1:32:16]} d6 {[%clk 1:30:27]}
6. O-O {[%clk 1:32:03]} Be7 {[%clk 1:30:04]} 7. Re1 {[%clk 1:27:05]} Bg4
{[%clk 1:28:06]} 8. h3 {[%clk 1:23:22]} Bh5 {[%clk 1:28:16]} 9. Bxc6+
{[%clk 1:21:22]} bxc6 {[%clk 1:28:37]} 10. c3 {[%clk 1:20:01]} O-O
{[%clk 1:25:53]} 11. Nbd2 {[%clk 1:19:43]} Nd7 {[%clk 1:22:52]} 12. Nf1
{[%clk 1:13:37]} c5 {[%clk 1:16:12]} 13. g4 {[%clk 1:01:29]} Bg6 {[%clk 1:16:27]}
14. Ng3 {[%clk 1:01:01]} Rb8 {[%clk 1:13:35]} 15. Kg2 {[%clk 0:57:28]} Re8
{[%clk 1:08:47]} 16. Rh1 {[%clk 0:52:00]} Nf8 {[%clk 1:07:53]} 17. h4
{[%clk 0:49:00]} f6 {[%clk 1:07:58]} 18. b3 {[%clk 0:40:39]} Ne6 {[%clk 0:57:52]}
19. h5 {[%clk 0:37:24]} Bf7 {[%clk 0:58:08]} 20. Nf5 {[%clk 0:37:20]} Bf8
{[%clk 0:54:44]} 21. Rg1 {[%clk 0:31:29]} d5 {[%clk 0:50:21]} 22. Qc2
{[%clk 0:27:05]} dxe4 {[%clk 0:44:46]} 23. dxe4 {[%clk 0:27:29]} c4
{[%clk 0:45:07]} 24. b4 {[%clk 0:25:44]} Qd3 {[%clk 0:40:23]} 25. Ne1
{[%clk 0:21:09]} Qxc2 {[%clk 0:38:15]} 26. Nxc2 {[%clk 0:21:35]} Red8
{[%clk 0:38:30]} 27. Ne1 {[%clk 0:17:32]} Rd1 {[%clk 0:35:11]} 28. Nf3
{[%clk 0:12:46]} Rd3 {[%clk 0:34:38]} 29. Bb2 {[%clk 0:12:35]} Nf4+
{[%clk 0:34:39]} 0-1

[Event "MITROPA Cup 2014 WOMEN Section"]
[Site "Ruzomberok SLOVAKIA"]
[Date "2014.05.30"]
[Round "8"]
[Board "2"]
[White "Mareckova, Martina"]
[Black "Varga, Melinda"]
[Result "0-1"]
[WhiteElo "2114"]
[BlackElo "2163"]
[PlyCount "0"]
[EventDate "2014.05.23"]
[EventType "team"]
[EventRounds "9"]
[EventCountry "SVK"]
[WhiteTeam "Czech republic A"]
[BlackTeam "Hungary"]

1. e4 {[%clk 1:30:57]} c6 {[%clk 1:30:56]} 2. d4 {[%clk 1:31:22]} d5
{[%clk 1:31:22]} 3. Nd2 {[%clk 1:31:45]} dxe4 {[%clk 1:31:48]} 4. Nxe4
{[%clk 1:32:10]} Bf5 {[%clk 1:32:14]} 5. Ng3 {[%clk 1:32:35]} Bg6
{[%clk 1:32:39]} 6. h4 {[%clk 1:32:51]} h6 {[%clk 1:33:04]} 7. Nf3
{[%clk 1:33:18]} e6 {[%clk 1:33:31]} 8. Ne5 {[%clk 1:33:02]} Bh7 {[%clk 1:33:56]}
9. Bd3 {[%clk 1:33:04]} Bxd3 {[%clk 1:34:19]} 10. Qxd3 {[%clk 1:33:29]} Nf6
{[%clk 1:34:41]} 11. Bd2 {[%clk 1:32:50]} Be7 {[%clk 1:34:53]} 12. O-O-O
{[%clk 1:33:03]} O-O {[%clk 1:33:03]} 13. f4 {[%clk 1:24:51]} c5 {[%clk 1:30:20]}
14. Ne2 {[%clk 0:54:43]} Qd5 {[%clk 1:23:01]} 15. Nc3 {[%clk 0:45:38]} Qxd4
{[%clk 1:17:54]} 16. Qxd4 {[%clk 0:45:36]} cxd4 {[%clk 1:18:20]} 17. Nb5
{[%clk 0:46:01]} Na6 {[%clk 1:14:37]} 18. Nxd4 {[%clk 0:38:00]} Rfd8
{[%clk 1:08:39]} 19. c3 {[%clk 0:33:21]} Nc5 {[%clk 1:04:17]} 20. Kc2
{[%clk 0:21:08]} Rac8 {[%clk 1:03:36]} 21. Ndf3 {[%clk 0:16:03]} Nce4
{[%clk 0:58:16]} 22. Bc1 {[%clk 0:13:09]} Nd5 {[%clk 0:57:10]} 23. Rhe1
{[%clk 0:11:42]} Nc5 {[%clk 0:37:44]} 24. Kb1 {[%clk 0:07:20]} b5
{[%clk 0:28:37]} 25. g3 {[%clk 0:04:22]} Na4 {[%clk 0:27:44]} 26. Ka1
{[%clk 0:02:56]} Bc5 {[%clk 0:25:41]} 27. Re2 {[%clk 0:00:57]} Rd6
{[%clk 0:22:32]} 28. Red2 {[%clk 0:00:35]} Ra6 {[%clk 0:21:58]} 29. Rd3
{[%clk 0:00:36]} Bf2 {[%clk 0:21:18]} 30. Nd4 {[%clk 0:00:36]} Nc5
{[%clk 0:19:58]} 31. Rf3 {[%clk 0:00:42]} Bxd4 {[%clk 0:19:30]} 32. cxd4
{[%clk 0:01:08]} Ne4 {[%clk 0:19:25]} 33. Re1 {[%clk 0:31:00]} Nb4
{[%clk 0:49:16]} 0-1

[Event "MITROPA Cup 2014 WOMEN Section"]
[Site "Ruzomberok SLOVAKIA"]
[Date "2014.05.30"]
[Round "8"]
[Board "1"]
[White "Exler, Veronika"]
[Black "Motycakova, Monika"]
[Result "1-0"]
[WhiteElo "2156"]
[BlackElo "2091"]
[PlyCount "0"]
[EventDate "2014.05.23"]
[EventType "team"]
[EventRounds "9"]
[EventCountry "SVK"]
[WhiteTeam "Austria"]
[BlackTeam "Slovakia B"]

1. d4 {[%clk 1:30:59]} d5 {[%clk 1:30:53]} 2. Nf3 {[%clk 1:31:23]} Nf6
{[%clk 1:31:14]} 3. c4 {[%clk 1:31:50]} c6 {[%clk 1:31:33]} 4. g3
{[%clk 1:32:16]} Bf5 {[%clk 1:31:29]} 5. Qb3 {[%clk 1:32:37]} Qb6
{[%clk 1:30:37]} 6. Nc3 {[%clk 1:33:01]} e6 {[%clk 1:30:06]} 7. c5
{[%clk 1:33:18]} Qxb3 {[%clk 1:30:10]} 8. axb3 {[%clk 1:33:31]} Na6
{[%clk 1:29:22]} 9. Ra4 {[%clk 1:30:33]} Be7 {[%clk 1:23:03]} 10. Bf4
{[%clk 1:30:36]} h6 {[%clk 1:20:05]} 11. e3 {[%clk 1:23:16]} Ne4 {[%clk 1:12:01]}
12. Bxa6 {[%clk 1:14:00]} bxa6 {[%clk 1:11:18]} 13. Nd2 {[%clk 1:04:17]} g5
{[%clk 1:02:41]} 14. Bc7 {[%clk 0:57:43]} Kd7 {[%clk 1:02:21]} 15. Ba5
{[%clk 0:57:47]} Rab8 {[%clk 0:56:29]} 16. Ncxe4 {[%clk 0:57:04]} Bxe4
{[%clk 0:53:51]} 17. Nxe4 {[%clk 0:57:29]} dxe4 {[%clk 0:54:16]} 18. Ra3
{[%clk 0:57:37]} Rb5 {[%clk 0:38:48]} 19. Bc3 {[%clk 0:54:39]} a5
{[%clk 0:34:57]} 20. Bxa5 {[%clk 0:46:17]} Rhb8 {[%clk 0:33:37]} 21. Bc3
{[%clk 0:46:21]} Rxb3 {[%clk 0:19:15]} 22. Rxa7+ {[%clk 0:46:22]} R8b7
{[%clk 0:19:37]} 23. Ra1 {[%clk 0:32:15]} f5 {[%clk 0:17:10]} 24. Kd2
{[%clk 0:31:58]} Bd8 {[%clk 0:09:53]} 25. h3 {[%clk 0:29:29]} Bf6
{[%clk 0:06:55]} 26. Kc2 {[%clk 0:29:47]} Be7 {[%clk 0:07:13]} 27. g4
{[%clk 0:20:16]} Rb8 {[%clk 0:05:55]} 28. Rhf1 {[%clk 0:17:42]} R3b7
{[%clk 0:06:17]} 29. f3 {[%clk 0:13:42]} Rf8 {[%clk 0:05:19]} 30. gxf5
{[%clk 0:13:18]} exf3 {[%clk 0:04:30]} 31. Rxf3 {[%clk 0:08:12]} exf5
{[%clk 0:04:36]} 32. Raf1 {[%clk 0:07:13]} Ke6 {[%clk 0:04:58]} 33. Kd3
{[%clk 0:07:25]} Rbb8 {[%clk 0:04:51]} 34. e4 {[%clk 0:06:34]} f4
{[%clk 0:03:35]} 35. Kc4 {[%clk 0:07:00]} Rbc8 {[%clk 0:01:35]} 36. b4
{[%clk 0:06:48]} Rfd8 {[%clk 0:01:07]} 37. Rd3 {[%clk 0:06:33]} Bf6
{[%clk 0:00:57]} 38. d5+ {[%clk 0:05:39]} cxd5+ {[%clk 0:01:00]} 39. exd5+
{[%clk 0:06:02]} Kf5 {[%clk 0:01:26]} 40. Bxf6 {[%clk 0:06:04]} Kxf6
{[%clk 0:01:54]} 41. d6 {[%clk 0:05:19]} Kf5 {[%clk 0:22:43]} 42. Rd4
{[%clk 0:35:17]} Ke5 {[%clk 0:21:14]} 43. Re1+ {[%clk 0:35:10]} Kf6
{[%clk 0:20:35]} 44. d7 {[%clk 0:29:50]} Rc7 {[%clk 0:19:35]} 45. Rd6+
{[%clk 0:30:16]} Kf5 {[%clk 0:18:25]} 46. Kd5 {[%clk 0:26:46]} 1-0

[Event "MITROPA Cup 2014 WOMEN Section"]
[Site "Ruzomberok SLOVAKIA"]
[Date "2014.05.30"]
[Round "8"]
[Board "2"]
[White "Milcova, Zuzana"]
[Black "Hapala, Lisa"]
[Result "0-1"]
[WhiteElo "2025"]
[BlackElo "2062"]
[PlyCount "0"]
[EventDate "2014.05.23"]
[EventType "team"]
[EventRounds "9"]
[EventCountry "SVK"]
[WhiteTeam "Slovakia B"]
[BlackTeam "Austria"]

1. e4 {[%clk 1:30:58]} e5 {[%clk 1:30:56]} 2. Nf3 {[%clk 1:31:22]} Nc6
{[%clk 1:31:22]} 3. d4 {[%clk 1:31:48]} exd4 {[%clk 1:31:48]} 4. Nxd4
{[%clk 1:32:12]} Nf6 {[%clk 1:32:13]} 5. Nxc6 {[%clk 1:32:24]} bxc6
{[%clk 1:32:38]} 6. e5 {[%clk 1:32:32]} Qe7 {[%clk 1:32:58]} 7. Qe2
{[%clk 1:32:46]} Nd5 {[%clk 1:33:23]} 8. c4 {[%clk 1:32:53]} Ba6 {[%clk 1:32:54]}
9. b3 {[%clk 1:31:17]} g6 {[%clk 1:32:33]} 10. f4 {[%clk 1:27:34]} f6
{[%clk 1:31:51]} 11. exf6 {[%clk 1:23:05]} Qxe2+ {[%clk 1:32:13]} 12. Bxe2
{[%clk 1:23:08]} Bb4+ {[%clk 1:32:07]} 13. Bd2 {[%clk 1:17:20]} Bxd2+
{[%clk 1:32:07]} 14. Kxd2 {[%clk 1:17:12]} Nxf4 {[%clk 1:31:22]} 15. Nc3
{[%clk 1:11:17]} Nxe2 {[%clk 1:11:35]} 16. Nxe2 {[%clk 1:10:40]} Kf7
{[%clk 1:10:59]} 17. Rhf1 {[%clk 0:59:01]} Rae8 {[%clk 1:09:57]} 18. Rf4
{[%clk 0:47:21]} Re6 {[%clk 1:00:47]} 19. Raf1 {[%clk 0:45:16]} Rhe8
{[%clk 0:52:00]} 20. Nc3 {[%clk 0:37:02]} Bb7 {[%clk 0:44:59]} 21. R1f2
{[%clk 0:31:50]} d6 {[%clk 0:30:23]} 22. h4 {[%clk 0:20:39]} h6 {[%clk 0:23:37]}
23. R4f3 {[%clk 0:13:35]} c5 {[%clk 0:21:55]} 24. Rf4 {[%clk 0:13:54]} a6
{[%clk 0:13:41]} 25. Kd3 {[%clk 0:06:57]} Re3+ {[%clk 0:09:41]} 26. Kd2
{[%clk 0:06:47]} Rg3 {[%clk 0:09:33]} 27. Nd5 {[%clk 0:06:24]} Bxd5
{[%clk 0:07:40]} 28. cxd5 {[%clk 0:06:52]} Re5 {[%clk 0:08:05]} 29. Ra4
{[%clk 0:07:02]} Rxd5+ {[%clk 0:08:07]} 30. Ke2 {[%clk 0:05:41]} Rc3
{[%clk 0:05:19]} 31. g4 {[%clk 0:04:58]} Rc2+ {[%clk 0:04:18]} 32. Kf1
{[%clk 0:05:16]} Rd1+ {[%clk 0:04:12]} 33. Kg2 {[%clk 0:05:41]} Rxf2+
{[%clk 0:04:27]} 34. Kxf2 {[%clk 0:06:09]} Kxf6 {[%clk 0:04:36]} 35. Rxa6
{[%clk 0:06:25]} Ke5 {[%clk 0:04:17]} 36. Ra7 {[%clk 0:04:49]} Ra1
{[%clk 0:03:01]} 37. a4 {[%clk 0:05:03]} Ra2+ {[%clk 0:02:07]} 38. Ke1
{[%clk 0:04:49]} Rb2 {[%clk 0:00:44]} 39. Rxc7 {[%clk 0:01:01]} Rxb3
{[%clk 0:01:02]} 40. a5 {[%clk 0:00:44]} Rb4 {[%clk 0:00:33]} 41. Rg7
{[%clk 0:16:48]} Rxg4 {[%clk 0:25:15]} 42. h5 {[%clk 0:17:13]} Ra4
{[%clk 0:17:47]} 43. Rxg6 {[%clk 0:15:28]} Rxa5 {[%clk 0:17:31]} 44. Rxh6
{[%clk 0:15:52]} Ra2 {[%clk 0:16:39]} 45. Rh8 {[%clk 0:13:10]} Rh2
{[%clk 0:16:40]} 46. h6 {[%clk 0:13:20]} Kd4 {[%clk 0:15:59]} 47. h7
{[%clk 0:11:44]} d5 {[%clk 0:16:14]} 48. Kd1 {[%clk 0:07:52]} c4 {[%clk 0:16:22]}
49. Kc1 {[%clk 0:08:07]} c3 {[%clk 0:16:42]} 50. Kb1 {[%clk 0:07:43]} Kd3
{[%clk 0:12:59]} 51. Ka1 {[%clk 0:05:20]} d4 {[%clk 0:12:02]} 52. Kb1
{[%clk 0:05:28]} Rh1+ {[%clk 0:12:09]} 53. Ka2 {[%clk 0:05:51]} c2
{[%clk 0:12:11]} 54. Rc8 {[%clk 0:05:46]} Rxh7 {[%clk 0:12:30]} 55. Kb2
{[%clk 0:05:58]} Rb7+ {[%clk 0:12:46]} 56. Ka2 {[%clk 0:05:34]} Kd2
{[%clk 0:12:48]} 57. Rh8 {[%clk 0:05:02]} Ra7+ {[%clk 0:12:38]} 0-1

[Event "MITROPA Cup 2014 WOMEN Section"]
[Site "Ruzomberok SLOVAKIA"]
[Date "2014.05.30"]
[Round "8"]
[Board "1"]
[White "Marikova, Jana"]
[Black "Kochetkova, Julia"]
[Result "1/2-1/2"]
[WhiteElo "2094"]
[BlackElo "2322"]
[PlyCount "0"]
[EventDate "2014.05.23"]
[EventType "team"]
[EventRounds "9"]
[EventCountry "SVK"]
[WhiteTeam "Czech republic B"]
[BlackTeam "Slovakia A"]

1. d4 {[%clk 1:30:59]} e6 {[%clk 1:30:52]} 2. c4 {[%clk 1:31:23]} Bb4+
{[%clk 1:31:16]} 3. Bd2 {[%clk 1:31:40]} Qe7 {[%clk 1:31:40]} 4. Nf3
{[%clk 1:31:51]} Nf6 {[%clk 1:31:03]} 5. e3 {[%clk 1:31:22]} Bxd2+
{[%clk 1:28:43]} 6. Nbxd2 {[%clk 1:30:58]} d6 {[%clk 1:29:07]} 7. Bd3
{[%clk 1:27:59]} Nc6 {[%clk 1:28:05]} 8. O-O {[%clk 1:27:25]} a5 {[%clk 1:27:18]}
9. a3 {[%clk 1:24:28]} O-O {[%clk 1:26:31]} 10. e4 {[%clk 1:19:18]} e5
{[%clk 1:24:23]} 11. d5 {[%clk 1:18:26]} Nb8 {[%clk 1:24:33]} 12. b4
{[%clk 1:16:38]} Na6 {[%clk 1:21:13]} 13. Nb3 {[%clk 1:09:23]} axb4
{[%clk 1:20:08]} 14. axb4 {[%clk 1:09:43]} Bg4 {[%clk 1:19:57]} 15. b5
{[%clk 1:03:28]} Nc5 {[%clk 1:19:45]} 16. Nxc5 {[%clk 1:03:21]} dxc5
{[%clk 1:19:01]} 17. Qe2 {[%clk 1:01:44]} b6 {[%clk 1:11:29]} 18. Qe3
{[%clk 0:59:01]} Bxf3 {[%clk 1:11:00]} 19. Qxf3 {[%clk 0:59:25]} Rad8
{[%clk 1:09:13]} 20. Qe2 {[%clk 0:54:55]} Ne8 {[%clk 1:07:28]} 21. f4
{[%clk 0:53:08]} exf4 {[%clk 1:07:15]} 22. e5 {[%clk 0:51:24]} g6
{[%clk 1:04:40]} 23. Rxf4 {[%clk 0:47:58]} Ng7 {[%clk 1:04:37]} 24. Re1
{[%clk 0:44:32]} Rde8 {[%clk 1:03:28]} 25. Qg4 {[%clk 0:40:21]} Qd8
{[%clk 1:02:28]} 26. Rf3 {[%clk 0:35:53]} Qa8 {[%clk 0:56:06]} 27. Qh4
{[%clk 0:33:51]} Qa5 {[%clk 0:54:08]} 28. g4 {[%clk 0:30:14]} Qc3
{[%clk 0:28:43]} 29. Rh3 {[%clk 0:27:25]} Qd4+ {[%clk 0:24:36]} 30. Kg2
{[%clk 0:25:42]} h5 {[%clk 0:23:06]} 31. Re4 {[%clk 0:24:13]} Qb2+
{[%clk 0:22:57]} 32. Re2 {[%clk 0:23:54]} Qd4 {[%clk 0:23:14]} 33. gxh5
{[%clk 0:19:21]} Rxe5 {[%clk 0:18:27]} 34. Rxe5 {[%clk 0:15:34]} Qxe5
{[%clk 0:18:04]} 35. hxg6 {[%clk 0:12:42]} Qb2+ {[%clk 0:18:27]} 36. Kg1
{[%clk 0:10:52]} Qa1+ {[%clk 0:16:43]} 37. Bf1 {[%clk 0:09:47]} Qd4+
{[%clk 0:16:29]} 38. Qxd4 {[%clk 0:10:12]} cxd4 {[%clk 0:16:55]} 39. gxf7+
{[%clk 0:03:51]} Rxf7 {[%clk 0:17:13]} 40. Rd3 {[%clk 0:03:42]} Rf4
{[%clk 0:17:09]} 41. Bh3 {[%clk 0:02:51]} Ne8 {[%clk 0:15:54]} 42. Kg2
{[%clk 0:01:21]} Nd6 {[%clk 0:15:17]} 43. Kg3 {[%clk 0:28:33]} Re4
{[%clk 0:45:47]} 44. Bg2 {[%clk 0:24:43]} Re2 {[%clk 0:43:36]} 45. Kf3
{[%clk 0:21:06]} Rc2 {[%clk 0:43:02]} 46. Rxd4 {[%clk 0:20:11]} Nxc4
{[%clk 0:43:25]} 47. Rg4+ {[%clk 0:18:48]} Kh8 {[%clk 0:42:55]} 48. Rh4+
{[%clk 0:14:21]} Kg7 {[%clk 0:43:08]} 49. Kg3 {[%clk 0:08:05]} Nd6
{[%clk 0:40:00]} 50. Rg4+ {[%clk 0:08:29]} Kh8 {[%clk 0:40:09]} 51. Bf1
{[%clk 0:06:08]} 1/2-1/2

[Event "MITROPA Cup 2014 WOMEN Section"]
[Site "Ruzomberok SLOVAKIA"]
[Date "2014.05.30"]
[Round "8"]
[Board "2"]
[White "Gazikova, Veronika"]
[Black "Miturova, Magdalena"]
[Result "0-1"]
[WhiteElo "2144"]
[BlackElo "2060"]
[PlyCount "0"]
[EventDate "2014.05.23"]
[EventType "team"]
[EventRounds "9"]
[EventCountry "SVK"]
[WhiteTeam "Slovakia A"]
[BlackTeam "Czech republic B"]

1. e4 {[%clk 1:30:58]} e5 {[%clk 1:30:55]} 2. Nf3 {[%clk 1:31:23]} Nc6
{[%clk 1:31:19]} 3. Bc4 {[%clk 1:31:49]} Nf6 {[%clk 1:31:42]} 4. d3
{[%clk 1:32:15]} Bc5 {[%clk 1:32:04]} 5. c3 {[%clk 1:32:37]} O-O {[%clk 1:32:21]}
6. O-O {[%clk 1:32:50]} d5 {[%clk 1:31:52]} 7. exd5 {[%clk 1:32:48]} Nxd5
{[%clk 1:32:12]} 8. Re1 {[%clk 1:33:10]} Bg4 {[%clk 1:29:00]} 9. h3
{[%clk 1:33:24]} Bh5 {[%clk 1:29:11]} 10. g4 {[%clk 1:30:28]} Bg6
{[%clk 1:29:27]} 11. Nxe5 {[%clk 1:30:43]} Nxe5 {[%clk 1:29:43]} 12. Rxe5
{[%clk 1:31:06]} c6 {[%clk 1:29:40]} 13. d4 {[%clk 1:30:36]} Bd6 {[%clk 1:25:46]}
14. Re1 {[%clk 1:30:50]} f5 {[%clk 1:12:49]} 15. g5 {[%clk 1:13:18]} f4
{[%clk 1:07:54]} 16. Qg4 {[%clk 1:09:59]} Bf5 {[%clk 1:01:40]} 17. Qg2
{[%clk 1:10:12]} f3 {[%clk 0:57:55]} 18. Qh1 {[%clk 1:10:34]} Qd7
{[%clk 0:50:55]} 19. Bf1 {[%clk 1:09:44]} Nf4 {[%clk 0:43:24]} 20. Bxf4
{[%clk 1:08:38]} Bxf4 {[%clk 0:43:44]} 21. Na3 {[%clk 1:06:22]} Bg6
{[%clk 0:33:58]} 22. Bc4+ {[%clk 1:04:49]} Bf7 {[%clk 0:33:12]} 23. Bxf7+
{[%clk 1:04:23]} Qxf7 {[%clk 0:32:46]} 24. h4 {[%clk 1:03:40]} Qf5
{[%clk 0:30:46]} 25. Rad1 {[%clk 0:55:54]} Rae8 {[%clk 0:27:59]} 26. Rxe8
{[%clk 0:54:01]} Rxe8 {[%clk 0:28:22]} 27. Kf1 {[%clk 0:54:19]} Qe4
{[%clk 0:25:52]} 0-1

[Event "MITROPA Cup 2014 WOMEN Section"]
[Site "Ruzomberok SLOVAKIA"]
[Date "2014.05.31"]
[Round "9"]
[Board "1"]
[White "Kochetkova, Julia"]
[Black "Wozniak, Mariola"]
[Result "1/2-1/2"]
[WhiteElo "2322"]
[BlackElo "2092"]
[PlyCount "0"]
[EventDate "2014.05.23"]
[EventType "team"]
[EventRounds "9"]
[EventCountry "SVK"]
[WhiteTeam "Slovakia A"]
[BlackTeam "Poland"]

1. e4 {[%clk 1:30:38]} d6 {[%clk 1:30:54]} 2. d4 {[%clk 1:30:00]} Nf6
{[%clk 1:31:11]} 3. Nc3 {[%clk 1:30:00]} e5 {[%clk 1:31:17]} 4. Nf3
{[%clk 1:29:07]} Nbd7 {[%clk 1:31:35]} 5. Bc4 {[%clk 1:29:00]} Be7
{[%clk 1:31:45]} 6. O-O {[%clk 1:29:00]} O-O {[%clk 1:32:05]} 7. a4
{[%clk 1:28:52]} a5 {[%clk 1:31:23]} 8. h3 {[%clk 1:27:07]} c6 {[%clk 1:28:06]}
9. Ba2 {[%clk 1:24:22]} exd4 {[%clk 1:17:09]} 10. Nxd4 {[%clk 1:23:03]} Nc5
{[%clk 1:17:04]} 11. Re1 {[%clk 1:19:55]} Qb6 {[%clk 1:10:48]} 12. Qf3
{[%clk 1:13:16]} Re8 {[%clk 0:45:42]} 13. Nf5 {[%clk 1:03:21]} Bxf5
{[%clk 0:45:25]} 14. Qxf5 {[%clk 1:03:18]} Bf8 {[%clk 0:29:45]} 15. Be3
{[%clk 0:53:23]} Qxb2 {[%clk 0:24:20]} 16. Bd4 {[%clk 0:51:09]} Ne6
{[%clk 0:23:59]} 17. Bxf6 {[%clk 0:45:38]} gxf6 {[%clk 0:24:14]} 18. Qf3
{[%clk 0:41:57]} Bg7 {[%clk 0:18:32]} 19. Rab1 {[%clk 0:36:15]} Qa3
{[%clk 0:18:21]} 20. Rxb7 {[%clk 0:35:21]} f5 {[%clk 0:15:18]} 21. Bb3
{[%clk 0:32:16]} Qc5 {[%clk 0:09:25]} 22. Nd1 {[%clk 0:22:13]} Rab8
{[%clk 0:05:37]} 23. Rd7 {[%clk 0:09:28]} Ng5 {[%clk 0:01:16]} 24. Qh5
{[%clk 0:08:44]} Rxb3 {[%clk 0:01:43]} 25. cxb3 {[%clk 0:06:28]} fxe4
{[%clk 0:02:12]} 26. Kh1 {[%clk 0:06:04]} Re6 {[%clk 0:00:40]} 27. Rd8+
{[%clk 0:05:44]} Bf8 {[%clk 0:01:06]} 28. h4 {[%clk 0:05:00]} Rg6
{[%clk 0:01:19]} 29. hxg5 {[%clk 0:02:39]} Rxg5 {[%clk 0:01:44]} 30. Qe2
{[%clk 0:03:01]} Rh5+ {[%clk 0:01:51]} 31. Kg1 {[%clk 0:03:29]} Qg5
{[%clk 0:01:12]} 32. Rxf8+ {[%clk 0:01:46]} Kxf8 {[%clk 0:01:40]} 33. Qxe4
{[%clk 0:02:08]} Qh6 {[%clk 0:01:33]} 34. Qe7+ {[%clk 0:00:44]} Kg7
{[%clk 0:01:31]} 35. f3 {[%clk 0:00:45]} Rh1+ {[%clk 0:00:46]} 36. Kf2
{[%clk 0:01:09]} Qd2+ {[%clk 0:00:56]} 37. Re2 {[%clk 0:00:47]} Qxd1
{[%clk 0:00:41]} 38. Qg5+ {[%clk 0:01:04]} Kf8 {[%clk 0:01:08]} 39. Qe7+
{[%clk 0:00:49]} Kg7 {[%clk 0:01:29]} 40. Qg5+ {[%clk 0:00:41]} Kf8
{[%clk 0:01:55]} 41. Qd8+ {[%clk 0:27:49]} Kg7 {[%clk 0:32:39]} 1/2-1/2

[Event "MITROPA Cup 2014 WOMEN Section"]
[Site "Ruzomberok SLOVAKIA"]
[Date "2014.05.31"]
[Round "9"]
[Board "2"]
[White "Kiolbasa, Oliwia"]
[Black "Gazikova, Veronika"]
[Result "1-0"]
[WhiteElo "2015"]
[BlackElo "2144"]
[PlyCount "0"]
[EventDate "2014.05.23"]
[EventType "team"]
[EventRounds "9"]
[EventCountry "SVK"]
[WhiteTeam "Poland"]
[BlackTeam "Slovakia A"]

1. e4 {[%clk 1:30:50]} Nf6 {[%clk 1:30:55]} 2. e5 {[%clk 1:31:07]} Nd5
{[%clk 1:31:20]} 3. d4 {[%clk 1:31:21]} d6 {[%clk 1:31:44]} 4. Nf3
{[%clk 1:31:19]} g6 {[%clk 1:32:02]} 5. Bc4 {[%clk 1:27:50]} Nb6 {[%clk 1:31:53]}
6. Bb3 {[%clk 1:12:28]} Bg7 {[%clk 1:28:52]} 7. O-O {[%clk 1:03:15]} O-O
{[%clk 1:28:29]} 8. Re1 {[%clk 0:53:23]} Nc6 {[%clk 1:24:18]} 9. e6
{[%clk 0:46:14]} fxe6 {[%clk 1:18:43]} 10. c3 {[%clk 0:39:20]} d5
{[%clk 1:11:21]} 11. Bg5 {[%clk 0:37:17]} e5 {[%clk 0:54:58]} 12. Nxe5
{[%clk 0:34:03]} Nxe5 {[%clk 0:55:11]} 13. dxe5 {[%clk 0:34:26]} Be6
{[%clk 0:44:02]} 14. Nd2 {[%clk 0:30:11]} c5 {[%clk 0:43:15]} 15. Bh4
{[%clk 0:26:17]} Qc7 {[%clk 0:33:40]} 16. Bg3 {[%clk 0:24:38]} Rad8
{[%clk 0:32:57]} 17. Ne4 {[%clk 0:20:47]} Qc6 {[%clk 0:30:28]} 18. Ng5
{[%clk 0:20:37]} c4 {[%clk 0:27:23]} 19. Bc2 {[%clk 0:19:10]} Bf5
{[%clk 0:25:10]} 20. Bxf5 {[%clk 0:18:41]} Rxf5 {[%clk 0:19:19]} 21. Nf3
{[%clk 0:18:58]} Rff8 {[%clk 0:17:10]} 22. Nd4 {[%clk 0:18:13]} Qd7
{[%clk 0:17:31]} 23. e6 {[%clk 0:13:25]} Qe8 {[%clk 0:17:06]} 24. Bc7
{[%clk 0:12:18]} Rc8 {[%clk 0:17:17]} 25. Be5 {[%clk 0:12:44]} Na4
{[%clk 0:16:26]} 26. Bxg7 {[%clk 0:11:02]} Kxg7 {[%clk 0:16:50]} 27. Qe2
{[%clk 0:11:30]} Rd8 {[%clk 0:15:38]} 28. b3 {[%clk 0:09:07]} Nb6
{[%clk 0:13:14]} 29. Qg4 {[%clk 0:06:51]} Rf6 {[%clk 0:12:26]} 30. Re3
{[%clk 0:06:37]} Qf8 {[%clk 0:11:24]} 31. Rh3 {[%clk 0:05:09]} Rf4
{[%clk 0:11:11]} 32. Qg5 {[%clk 0:04:50]} Kg8 {[%clk 0:11:35]} 33. Rf1
{[%clk 0:03:56]} a5 {[%clk 0:07:31]} 34. g3 {[%clk 0:01:14]} Rf6 {[%clk 0:07:55]}
35. f4 {[%clk 0:01:32]} Qg7 {[%clk 0:06:56]} 36. Qe5 {[%clk 0:01:34]} Rc8
{[%clk 0:06:52]} 37. g4 {[%clk 0:01:14]} Rff8 {[%clk 0:06:21]} 38. Qe3
{[%clk 0:01:06]} cxb3 {[%clk 0:05:01]} 39. axb3 {[%clk 0:01:28]} a4
{[%clk 0:05:17]} 40. Nf3 {[%clk 0:01:13]} Rxc3 {[%clk 0:33:26]} 41. Qxb6
{[%clk 0:24:40]} Rxb3 {[%clk 0:33:26]} 42. Qc5 {[%clk 0:13:18]} Rxf4
{[%clk 0:33:26]} 43. Qxd5 {[%clk 0:13:18]} Rb2 {[%clk 0:33:26]} 44. Ne5
{[%clk 0:13:18]} Rxf1+ {[%clk 0:16:28]} 45. Kxf1 {[%clk 0:08:59]} Qf8+
{[%clk 0:15:30]} 46. Nf7 {[%clk 0:07:06]} Qc8 {[%clk 0:15:06]} 47. Rc3
{[%clk 0:02:35]} Qb8 {[%clk 0:13:36]} 48. Qd4 {[%clk 0:02:05]} Rb1+
{[%clk 0:13:05]} 49. Kg2 {[%clk 0:02:28]} Rb2+ {[%clk 0:13:28]} 50. Kf3
{[%clk 0:02:54]} 1-0